书目信息 |
| 题名: |
经济应用数学基础
|
|
| 作者: | 杜世平 主编 | |
| 分册: | ||
| 出版信息: | 北京 高等教育出版社 2013 |
|
| 页数: | 120页 | |
| 开本: | 26cm | |
| 丛书名: | 四川农业大学远程与即系教育专用教材 | |
| 单 册: | ||
| 中图分类: | F224.0 , O172 | |
| 科图分类: | ||
| 主题词: | 经济数学--Jing Ji Shu Xue--高等学校--教材 , 微积分--Wei Ji Fen--高等学校--教材 | |
| 电子资源: | ||
| ISBN: | 978-7-04-037931-0 | |
| 000 | 01116nam0 2200313 45 | |
| 001 | 012001001652 | |
| 005 | 20131108155639.0 | |
| 010 | @a978-7-04-037931-0@dCNY27.80 | |
| 099 | @aCAL 012013102237 | |
| 100 | @a20130910d2013 ekmy0chiy50 ea | |
| 101 | 0 | @achi |
| 102 | @aCN@b110000 | |
| 105 | @aa a 000yy | |
| 106 | @ar | |
| 200 | 1 | @a经济应用数学基础@AJing Ji Ying Yong Shu Xue Ji Chu@e微积分@f杜世平主编 |
| 210 | @a北京@c高等教育出版社@d2013 | |
| 215 | @a120页@c图@d26cm | |
| 225 | 2 | @a四川农业大学远程与即系教育专用教材@ASi Chuan Nong Ye Da Xue Yuan Cheng Yu Ji Xi Jiao Yu Zhuan Yong Jiao Cai@i公共课系列 |
| 320 | @a有书目 | |
| 330 | @a本书内容包括:函数、极限与连续、导数与微分、中值定理与导数的应用、不定积分、定积分等。 | |
| 410 | 0 | @12001@a四川农业大学远程与即系教育专用教材@i公共课系列 |
| 517 | 1 | @a微积分@AWei Ji Fen |
| 606 | 0 | @a经济数学@AJing Ji Shu Xue@x高等学校@j教材 |
| 606 | 0 | @a微积分@AWei Ji Fen@x高等学校@j教材 |
| 690 | @aF224.0@v4 | |
| 690 | @aO172@v4 | |
| 701 | 0 | @a杜世平@ADu Shi Ping@4主编 |
| 801 | 0 | @aCN@b北京卓展@c20191020 |
| 905 | @b1198728-31@dF224.0@e594@f4 | |
| 经济应用数学基础:微积分/杜世平主编.-北京:高等教育出版社,2013 |
| 120页:图;26cm.-(四川农业大学远程与即系教育专用教材.公共课系列) |
| ISBN 978-7-04-037931-0:CNY27.80 |
| 本书内容包括:函数、极限与连续、导数与微分、中值定理与导数的应用、不定积分、定积分等。 |
| ● |
| 相关链接 |
|
|
|
|
正题名:经济应用数学基础
索取号:F224.0/594
 
预约/预借
| 序号 | 登录号 | 条形码 | 馆藏地/架位号 | 状态 | 备注 |
| 1 | 1198728 | 211987288 | 第一样本阅览室/ [索取号:F224.0/594] | 在馆 | |
| 2 | 1198729 | 211987297 | 第一借阅区/ [索取号:F224.0/594] | 在馆 |